Statistics for Mlb rankings 2022

Click here to take the quiz!

General Stats

  • This quiz has been taken 14 times
  • The average score is 20 of 30

Answer Stats

HintAnswer% Correct
3rd, 101 winsbraves
82%
6th, 93 winscardinals
82%
1st, 111 winsdodgers
82%
2nd, 106 winsastros
73%
20th, 74 winscubs
73%
19th, 74 winsDiamondbacks
73%
16th, 81 winsgiants
73%
9th, 90 winsmariners
73%
22nd, 69 winsmarlins
73%
4th, 101 winsmets
73%
14th, 83 winsorioles
73%
10th, 89 winspadres
73%
11th, 87 winsphillies
73%
12th, 86 winsrays
73%
28th, 62 winsreds
73%
18th, 78 winsred sox
73%
24th, 68 winsrockies
73%
15th, 81 winswhite sox
73%
5th, 99 winsyankees
73%
21st, 73 winsangels
64%
29th, 60 winsathletics
64%
13th, 86 winsbrewers
64%
27th, 62 winspirates
64%
25th, 66 winstigers
64%
17th, 78 winstwins
64%
8th, 92 winsblue jays
55%
7th, 92 winsguardians
55%
26th, 65 winsroyals
55%
30th, 55 winsnationals
45%
23rd, 68 winsragners
0%

Score Distribution

Percentile by Number Answered

Percent of People with Each Score

Your Score History

You have not taken this quiz